Normal view
MARC view
Entry Personal Name
001 - CONTROL NUMBER
- control field: 11521
003 - CONTROL NUMBER IDENTIFIER
- control field: dpl
005 - DATE AND TIME OF LATEST TRANSACTION
- control field: 20100812113429.0
008 - FIXED-LENGTH DATA ELEMENTS
- fixed length control field: 100812|||a|||||| | ||| d
040 ## - CATALOGING SOURCE
- Original cataloging agency: dpl
- Transcribing agency: dpl
100 ## - HEADING--PERSONAL NAME
- Personal name: Sathya, D.M.
670 ## - SOURCE DATA FOUND
- Source citation: Work cat.: (dpl)40960: Sathya, D.M., Panache in english communication /, 2008
670 ## - SOURCE DATA FOUND
- Source citation: Work cat.: (dpl)40960: Sathya, D.M., Panache in english communication /, 2008
